[Event "AUT-chT 9798"]
[Site "Austria"]
[Date "1997.10.12"]
[Round "1"]
[White "Atlas, Valeri"]
[Black "Weinzettl, Ernst"]
[Result "1-0"]
[WhiteElo "2455"]
[BlackElo "2410"]
[Annotator "Atlas,V"]
[PlyCount "71"]
[EventDate "1997.??.??"]
[Source "ChessBase"]
[SourceDate "1997.11.23"]

1. e4 1... e6 2. d4 d5 3. Nc3 Bb4 4. e5 c5 5. a3 Bxc3+ 6. bxc3 6... Nc6 {
A rare move, which, however, often leads to a sharp play.} 7. Qg4 g6 8. a4 $5 (
{Fogarasi had shown a convincing treatment of this position in the recent game:
} 8. Nf3 8... Qa5 9. Bd2 Qa4 10. Ra2 h6 11. Bd3 b6 12. h4 Ba6 13. O-O Bxd3 14.
cxd3 cxd4 15. Rc1 Qb5 16. Nxd4 Nxd4 17. cxd4 a5 18. Qf3 Rh7 19. Rac2 Rd8 20.
Rc7 Qa6 21. a4 Rd7 22. Qd1 f5 23. R7c6 Rhe7 24. Qb3 Rb7 25. Rd6 Kf7 26. Rcc6
Qa8 27. Rxb6 Rxb6 28. Rxb6 Qc8 29. Rb5 Ra7 30. Rb8 Qd7 31. Qa3 Ne7 32. Bxh6 Rb7
33. Rf8# {1-0 Fogarasi,T-Totsky,L/Budapest FS03 GM 1996}) 8... Qc7 (8... f5 9.
Qd1 Qa5 10. Bd2 Nge7 11. Nf3 (11. h4 Bd7 12. Nf3 c4 13. Qc1 h6 14. Rb1 Nc8 15.
Bxh6 Nb6 16. Bd2 O-O-O 17. Qb2 Rdg8 18. Be2 Nd8 19. Ng5 $14 {
1-0 Vukovic,Z-Maksimovic,B/JUG-chT Cetinje 1990 (35)}) 11... c4 12. h4 h6 13.
Qc1 Nd8 14. Qa3 Bd7 15. Rg1 Rc8 16. Qb4 $14 {
1-0 Gligoric,S-Maksimovic,B/JUG-chT Cetinje 1991 (41)}) (8... cxd4 {is met by}
9. cxd4 Nb4 10. Bb5+ (10. Qd1 {fails to} 10... Qc7) 10... Bd7 11. Qe2 $16) 9.
Bd2 {
Setting control over the b4-square. Black was threatening 9...cd4 10.cd4 Nb4.}
9... f6 10. Nf3 $1 ({After} 10. exf6 10... Nxf6 {Black has a dangerous
initative. Using tactical features of the position, White retains a positional
advantage.}) 10... fxe5 11. Nxe5 Nf6 (11... Nxe5 {
leads to a better ending for White after} 12. Qf4 $1 (12. Qg3 $6 12... Nf6 $132
) 12... Ne7 13. Qxe5 Qxe5+ 14. dxe5 {, with the idea Bg5-f6.}) 12. Qf4 O-O 13.
Nxc6 (13. Nxg6 {proves a dubious undertaling after} 13... Qxf4 14. Nxf4 cxd4)
13... Qxc6 14. Bb5 {The key move in this line. White wins an important tempo
for developing his pieces.} 14... Qb6 15. dxc5 (15. O-O $2 {
would be a big mistake, since after} 15... c4 {
the white b5-bishop is imprisoned.}) 15... Qxc5 16. Qd4 Qxd4 ({If} 16... Qe7 {
then} 17. O-O a6 (17... e5 $2 {falls short after} 18. Rae1 $1) 18. Bd3 e5 19.
Rae1 Re8 20. Qh4 { Bg5 / .}) 17. cxd4 Ne4 18. f3 Nd6 ({The most stubborn. After
} 18... Nxd2 19. Kxd2 {
White has all the chances to convert his ending advantage.}) 19. Bd3 (19. Bb4 {
is dubious in view of} 19... Nxb5 20. Bxf8 Nxd4 21. O-O-O Nxf3) 19... Nf5 $2 {
An imprecise move. Stronger was 19...Nc4.} 20. c3 Bd7 21. O-O Rac8 22. Rfb1 Nd6
23. h4 {Not missing the opportunity to push the h-pawn. White prepares an
attack on the kingside.} 23... Bc6 24. Be1 $1 {
From e1 the bishop can access the diagonal b8-h2.} 24... Rfe8 25. Bg3 25... Nc4
$6 {Another imprecision. This time knight had to go to f5.} (25... Nf5 26. Bf2
e5 27. g4 Nd6 28. dxe5 Rxe5 29. Bxa7 $16) 26. Kf2 26... Na5 $2 ({
The final mistake. Black does not feel the danger. Correct was} 26... Re7) 27.
h5 $1 {The decisive blow! Now White develops irresistible attack.} 27... gxh5
28. Rh1 Bd7 29. Rxh5 Rxc3 (29... Re7 {allows an elegant combination:} 30. Rah1
Rxc3 31. Bxh7+ Kf7 32. Bg6+ $1 32... Kxg6 33. Rh6+ Kf7 (33... Kf5 34. R1h5#)
34. Rh7+ Ke8 35. Rh8+ Kf7 36. R1h7+) 30. Bxh7+ Kf7 (30... Kf8 {loses after} 31.
Bd6+ Kf7 32. Bb4) 31. Rg5 $1 31... Ke7 32. Rg7+ Kd8 33. Bg6 $1 33... Rh8 34.
Be5 $1 {Threatening Rd7+. Hunting the h8-rook, the white darsk-squared bishop
aims at the rook on c3!} 34... Rf8 (34... Nb3 35. Ra3 Rh6 36. Bd6 $1 36... Rxg6
37. Rxg6 Rc2+ 38. Ke3 Rc3+ 39. Kf4 $18) 35. Bd6 Nb3 (35... Rh8 {loses after}
36. Bb4) 36. Rh1 $1 {Mobilizing the last resource.} 1-0

[Event "SUI-chT"]
[Site "Switzerland"]
[Date "1997.??.??"]
[Round "?"]
[White "Atlas, Valeri"]
[Black "Rueetschi, Urs"]
[Result "1-0"]
[WhiteElo "2460"]
[BlackElo "2250"]
[Annotator "Atlas,V"]
[PlyCount "65"]
[EventDate "1997.??.??"]
[Source "ChessBase"]
[SourceDate "1997.11.23"]

1. e4 1... e6 2. d4 d5 3. Nc3 Bb4 4. e5 c5 5. a3 Bxc3+ 6. bxc3 Qc7 7. Qg4 f5 8.
Qh5+ g6 9. Qd1 9... b6 $5 ({The standard move here is} 9... Bd7 {In Kamsky's
practice we find some convincing victories with White in this system.} 10. Nf3
Ba4 (10... cxd4 11. cxd4 Ba4 12. Ra2 Nd7 13. Bd2 Ne7 14. Bd3 h6 15. h4 Nb6 16.
Qc1 Ng8 17. Rb2 Nc4 18. Rb4 Nxd2 19. Nxd2 Bd7 20. c4 Ne7 21. O-O b6 22. Qb2 Qd8
23. Rc1 Rc8 24. Nf3 Kf7 25. c5 $36 {
1-0 Kamsky,G-Panno,O/Buenos Aires Najdorf 1993 (38)}) 11. Bd2 $1 (11. Bd3) (11.
Bd2 Nd7 12. Bd3 c4 13. Be2 h6 14. h4 O-O-O 15. Qc1 Nb6 16. Rh3 Be8 17. Rb1 Na4
18. Kf1 Qg7 19. Ng1 a5 20. Bf3 Ne7 21. Ne2 Bc6 22. Rg3 Rdg8 23. Kg1 b5 24. Nf4
$14 {1-0 Kamsky,G-Hansen,C/Groningen 1995})) 10. Bb5+ ({After} 10. Nf3 10...
Ba6 {the light square bishops will be exchanged, which reduces White's
attacking perspectives.}) 10... Bd7 11. Bd3 Nc6 12. Be3 (12. Nf3 {was also poss
ible here. Yet, it is unclear whether White has a full compensation for two
pawns after} 12... cxd4 13. cxd4 Nxd4 14. Nxd4 Qc3+ 15. Bd2 Qxd4 16. O-O Qxe5
17. Re1 $140 17... Qg7 18. Bf4 Nf6) 12... cxd4 $5 ({
The important alternatives are} 12... c4 {and 12...Nge7.}) 13. cxd4 13... O-O-O
$6 ({After this move White obtains an advantage. Principal was} 13... f4 $5 14.
Bxf4 14... Nxd4 $14) 14. Nf3 14... Nge7 $6 {Another imprecision. Better was} (
14... Na5 {, although White is clearly better after} 15. O-O Ne7 16. Bd2 Nec6
17. Bb4) 15. Bd2 $1 {A subtle move, preventing ...Na5 and yielding White
excellent attacking perspectives.} 15... Kb8 16. O-O (16. Qb1 $5 {
was an option.}) 16... h6 17. Qb1 $1 ({Dubious} 17. h4 $6 {is strongly met by}
17... g5 $1 18. hxg5 hxg5 19. Bxg5 19... Rdg8 { Be8-h5, and Black has a
dangerous initiative on the kingside. The text move nullifies Black's
attacking prospects on the kingside and allows White to mobilize his forces
for the attacking the black king.}) 17... g5 18. Qb2 a5 (18... g4 {
does not yield anything in view of} 19. Nh4) 19. Rfc1 $1 {The best set-up.
White needs to open the c-file by means of c2-c4, and his rooks are most
efficiently placed on the c- and b-files.} 19... Bc8 20. Be1 $1 {This move free
s the d2-square for the knight, and White prepares transfer of his knight to
b5 by means of a3-a4 and Nd2-b1-a3-b5.} 20... Ka7 21. Nd2 Ba6 22. Bxa6 Kxa6 23.
Rab1 {It is much stronger than the immediate c2-c4. White mobilizes all his
pieces before this programmatic pawn advancement.} 23... Rd7 24. c4 $1 24...
dxc4 ({After} 24... Rb8 25. Qb5+ Ka7 26. c5 {White has a dangerous attack.})
25. Nxc4 25... Rb8 {The only move. Now Black was planning to sacrifice the
exchange after 26.Nd6 Rxd6 27.exd6 Qxd6 28.Qb5+ Ka7 .  An attempt 26.Qb5+ Ka7
27.Bxa5?! seems not to yield more than a draw after bxa5 28.Qc5+ Ka6 29.Nd6 .
White finds the radical solution of this position.} 26. Bb4 $3 {This move decid
es the game. Sacrificing the bishop and opening therby the a-file,White
develops an irresisitible attack.} 26... axb4 {
Black has no choice, since after Bd6 he is lost.} 27. axb4 {
NowWhite is threatening 28.b5, so Blacks' next move is forced.} 27... b5 28.
Qa2+ {It is important to set the queen on the diagonal a2-g8, so that it could
attack the key e6-pawn.} 28... Kb7 29. Na5+ (29. Ra1 $2 {fails to} 29... Kc8)
29... Kb6 (29... Kc8 {loses immediately after} 30. Nxc6 Nxc6 31. Qxe6) 30. Ra1
{Threatening 31.Nc4+ dc4 32.Qa6#.} (30. Qxe6 $2 {fails to} 30... Rxd4) (30.
Nxc6 {was also winning:} 30... Nxc6 31. Ra1 Qb7 (31... Qc8 32. Qxe6 Rc7 33. Qd6
Qd7 34. Qc5+ Kb7 35. d5) 32. Qxe6 Rxd4 33. Rxc6+ Qxc6 34. Ra6+ Kxa6 35. Qxc6+)
30... Ra8 31. Qxe6 Rxd4 (31... f4 32. Nxc6 Rxa1 33. Nxe7+ Rd6 34. Nc8+) ({
More stubborn was} 31... Rxa5 {, although Black is lost in any case.}) 32. Nxc6
$1 32... Rxa1 33. Nxd4+ {Black resigned in view of} (33. Nxd4+ Qc6 34. Rxa1)
1-0

[Event "Ubeda"]
[Site "Ubeda"]
[Date "1997.02.18"]
[Round "9"]
[White "Almasi, Zoltan"]
[Black "Timman, Jan H"]
[Result "0-1"]
[WhiteElo "2595"]
[BlackElo "2630"]
[Annotator "Knaak,R"]
[PlyCount "70"]
[EventDate "1997.02.07"]
[Source "ChessBase"]
[SourceDate "1997.06.01"]

1. e4 e6 2. d4 d5 3. Nc3 Bb4 4. e5 c5 5. a3 Bxc3+ 6. bxc3 Ne7 7. Qg4 Qc7 8.
Qxg7 Rg8 9. Qxh7 cxd4 10. Ne2 Nbc6 11. f4 dxc3 12. Qd3 Bd7 13. Be3 {Die vielfac
h gespielten Hauptfortsetzungen sind 13.Qxc3 und 13.Nxc3, wobei noch nicht
geklaert ist, welcher Zug den Vorzug verdient.  Daneben hat auch 13.Rb1 eine
gewisse Bedeutung.} 13... Rc8 {Viel haeufiger wird das relativ seltene 13.Be3
mit 13...Nf5 14.Bf2 d4 beantwortet, aber gerade diese Variante wird wohl
Almasi vorbereitet haben.} 14. g3 Nf5 15. Bf2 Qa5 16. Bh3 16... d4 $1 {
Ein typischer Zug; Schwarz wird die Diagonale h1-a8 fuer seine Aktionen nutzen.
} 17. O-O (17. Bxf5 exf5 18. Nxd4 Nxd4 19. Bxd4 Bc6 20. Bxc3 Qa4) 17... Rd8 18.
Rfd1 18... Nxe5 $1 {Auch das ist ein typischer Zug in diesem Stellungstyp.} 19.
fxe5 Bb5 20. Qe4 Bc6 21. Qf4 21... Qd5 $44 22. Kf1 Qh1+ 23. Ng1 (23. Bg1 Ne3+ (
23... Rg4 24. Bxg4 Ne3+ 25. Qxe3 dxe3 26. Rxd8+ Kxd8) 24. Kf2) 23... Qxh2 24.
Rd3 $2 (24. Bxf5 $1 {Haette zum Remis fuehren sollen.} 24... Qg2+ (24... exf5
25. Rxd4 25... Rg4 $2 26. Rxd8+ Kxd8 27. Rd1+ Ke8 28. Qxf5 Qg2+ 29. Ke2 (29.
Ke1 $4 29... Re4+ 30. Ne2 30... Qh1+ $19) 29... Re4+ 30. Kd3 $18) 25. Ke1 (25.
Ke2 $6 25... exf5 26. Rxd4 $6 26... Bb5+ 27. Kd1 Qf1+ 28. Be1 28... Qxf4 $17)
25... exf5 26. e6 {Jussupow hofft auf Vorteil nach 26...fxe6 27.Rxd4, aber ...}
(26. Rxd4 Rg4 27. Rxd8+ Kxd8 28. Rd1+ Ke8 29. Qh6 Re4+ 30. Ne2 Rxe2+ 31. Kxe2
Bf3+ 32. Ke1 Bxd1 33. Qh8+ Ke7 34. Qf6+ $11 {Jussupow (Schach 4/97)}) 26... Rg6
$1 27. exf7+ Kxf7 28. Qxf5+ Rf6 29. Qh7+ Kf8 30. Qh8+ $11) 24... Ne3+ $1 25.
Ke2 (25. Rxe3 dxe3 26. Qxe3 Rh8 27. Bg4 Qg2+ 28. Ke1 Bb5 29. Be2 Bxe2 30. Qxe2
Rd2 31. Qb5+ Kd8 32. Qa5+ b6 33. Bxb6+ axb6 34. Qxb6+ Ke8 35. Qb8+ Rd8 36. Qb5+
Kf8 37. Qb4+ 37... Rd6 $3 $19) (25. Bxe3 dxe3 26. Qxe3 Bb5 27. Qf2 Bxd3+ 28.
cxd3 28... Qxg3 $17) 25... Bb5 $17 26. Rb1 Ba6 27. Qf6 Ng4 (27... Nxc2 28. Bxe6
28... Rf8 {wuerde Fritz spielen.}) 28. Bxg4 Rxg4 29. Qf3 Rg5 30. Rxb7 Rxe5+ 31.
Kf1 Rf5 32. Qc6+ Kf8 33. Nf3 Qh1+ 34. Ke2 Bxd3+ 35. cxd3 c2 0-1

[Event "ENG-CHN"]
[Site "London"]
[Date "1997.??.??"]
[Round "5"]
[White "Wang, Zili"]
[Black "McDonald, Neil R"]
[Result "1/2-1/2"]
[WhiteElo "2530"]
[BlackElo "2490"]
[Annotator "Atlas,V"]
[PlyCount "79"]
[EventDate "1997.04.??"]
[Source "ChessBase"]
[SourceDate "1997.08.01"]

1. e4 e6 2. d4 d5 3. Nc3 Bb4 4. e5 c5 5. a3 Bxc3+ 6. bxc3 Ne7 7. h4 Qc7 8. Rh3
Nbc6 (8... b6 9. h5 h6 10. Qg4 Rg8 11. Bd2 Ba6 12. Bxa6 Nxa6 13. Qe2 Nb8 14.
Qd3 Nd7 15. Ne2 cxd4 16. cxd4 Qc4 17. Qxc4 dxc4 18. Nc3 a6 19. Ne4 $16 19...
Nd5 20. Rg3 f6 21. Bxh6 Kf8 22. Bd2 fxe5 23. Rf3+ Ke8 24. Bg5 N5f6 25. Bxf6
Nxf6 26. Nd6+ Kd7 27. Nxc4 {
1-0 Tischbierek,R-Casper,T/E.Germany-ch Stralsund 1988}) 9. h5 h6 (9... cxd4 $6
10. cxd4 h6 11. c3 $1 { d4} 11... Bd7 12. a4 {  Ba3-d6, Bd3 } (12. Qg4 Nf5 13.
Bd3 $2 13... Ncxd4 $1) 12... f6 $1 13. exf6 $6 {
Rantanen,Y-Kindermann,S/Gausdal (open) 60/286 1994} (13. f4 $14)) 10. Qg4 Nf5
11. Qf4 11... f6 $1 {
The ensuing endgame promises Black a sufficient counterplay.} (11... cxd4 12.
g4 f6 (12... Nfe7 13. cxd4 $14) 13. gxf5 (13. exf6 e5 14. Qf3 dxc3 (14... Nd6)
15. gxf5 15... Nd4 $44) 13... fxe5 14. Qg4 exf5 15. Qg6+ Qf7 16. Qxf7+ Kxf7 17.
Bb2 $14) 12. exf6 Qxf4 13. Bxf4 gxf6 14. dxc5 e5 15. Bd2 Be6 16. Nf3 {
A new try in this position. Theory saw} (16. Rf3 Kf7 17. Rb1 Rab8 18. g4 Nfe7
19. Bh3 Rbg8 20. Rg3 (20. Rxb7 Bc8 21. Rc7 $5) 20... Bc8 21. Nf3 Nd8 22. Nh4
Ne6 23. Nf5 Nxf5 24. gxf5 Nxc5 25. Rg6 b6 26. a4 (26. Bxh6 Rh7) 26... Nxa4 $17
{0-1 Steinbacher,M-Short,N/BL 9091 Solingen-Heidelberg [1] 1991 (36)}) 16...
O-O-O 17. Nh4 Nce7 18. Nxf5 Bxf5 19. Rg3 Bxc2 20. Rg7 Rd7 (20... Kd7 $5) 21.
Rc1 Bf5 22. Rf7 Ng8 23. Rf8+ Rd8 24. Rxd8+ Kxd8 25. f3 Rh7 26. Be3 {Due to the
Bishop pair White has nothing to fear. A draw is the most likely result.} 26...
Ke8 27. Rd1 Be6 28. Rb1 Rc7 29. a4 Kf7 (29... f5 $5 30. f4 e4 31. Bd4 Bc8 32.
c4 Ne7) 30. a5 Bd7 31. a6 bxa6 32. Bxa6 Kg7 33. Kf2 Ne7 34. g4 Nc6 35. Kg3 f5
36. gxf5 Bxf5 37. Rd1 d4 38. cxd4 Nxd4 39. Kf2 Nc2 (39... Rxc5 $4 40. Rxd4 $18)
40. Rd5 (40. Rd5 Nxe3 41. Kxe3 41... Kf6 $11) 1/2-1/2

[Event "Dos Hermanas"]
[Site "Dos Hermanas"]
[Date "1997.04.06"]
[Round "5"]
[White "Polgar, Judit"]
[Black "Short, Nigel D"]
[Result "1-0"]
[WhiteElo "2645"]
[BlackElo "2690"]
[Annotator "Atlas,V"]
[PlyCount "131"]
[EventDate "1997.04.01"]
[Source "ChessBase"]
[SourceDate "1997.08.01"]

1. e4 1... e6 2. d4 d5 3. Nc3 Bb4 4. e5 c5 5. a3 Bxc3+ 6. bxc3 Qc7 7. Qg4 f5 8.
Qh5+ (8. Qg3 cxd4 9. cxd4 Ne7 10. Bd2 O-O 11. Bd3 b6 12. Ne2 Ba6 13. Nf4 Qd7
14. h4 Bxd3 15. Qxd3 Nbc6 16. Rh3 Rac8 17. Rg3 Rf7 18. h5 Nd8 19. c3 Rf8 20.
Kf1 Rc4 21. Kg1 Nf7 22. a4 Rfc8 23. Qb1 Nc6 24. Qd1 Ne7 25. h6 g6 26. Qh5 Rxa4
27. Rxa4 Qxa4 28. Nxe6 Qc2 29. Qh4 f4 30. Bxf4 Nf5 31. Rxg6+ {
1-0 Kasparov,G-Short,N/It 1997}) 8... g6 9. Qd1 Bd7 10. Nf3 cxd4 (10... Ba4 11.
Bd3 cxd4 12. cxd4 Qc3+ 13. Bd2 Qxd3 14. cxd3 Bxd1 15. Kxd1 15... Nc6 $11 {
0-1 Polgar,J-Morovic,I/Buenos Aires 1992 (56)}) 11. cxd4 Ba4 12. Bd2 (12. Ra2
Nd7 13. Bd2 Ne7 14. Bd3 h6 15. h4 Nb6 16. Qc1 Ng8 17. Rb2 Nc4 18. Rb4 Nxd2 19.
Nxd2 Bd7 20. c4 $36 {1-0 Kamsky,G-Panno,O/Buenos Aires Najdorf 1993 (38)})
12... Nc6 (12... Bxc2 $6 13. Rc1 Bxd1 14. Rxc7 Bxf3 15. Rxb7 $1 $16) 13. Bd3
13... h6 $1 (13... O-O-O $143) 14. h4 O-O-O 15. Kf1 Kb8 16. Rh3 Rc8 17. Qe1 (
17. Kg1 17... Na5 $15) 17... Qd7 18. Rc1 Nge7 19. Kg1 Ka8 20. Rg3 Rh7 21. Qe2
Rch8 22. Rh3 (22. c4 $2 22... g5 $1 $17) 22... Nc8 23. c4 dxc4 24. Bxc4 Nb6 25.
Ba2 g5 (25... Nd5 $5 26. Qc4 Nce7) 26. d5 $8 (26. hxg5 hxg5 27. Nxg5 27... Rxh3
$17) 26... g4 (26... Nxd5) 27. dxc6 Bxc6 28. Rg3 gxf3 29. gxf3 Bd5 30. Be3 f4 (
30... Bxa2 31. Bxb6 Bd5 32. Rc7 Qe8 33. Rxh7 Rxh7 34. Qb5 Rh8 (34... Qb8 35.
Bxa7 $1 $18) (34... Qc8 35. Qc5 Rh8 36. Bxa7 Qxc5 (36... f4 $2 37. Qa5 $1 $18)
37. Bxc5 {and White preserves winning chances in the endgame due to the poor
position of the Black's King, extra pawn and possessing the open g-file.}) 35.
Qa5 Qb8 36. Bc7 Qc8 37. Bb6 37... a6 $5 (37... Qb8 $11) 38. Bd4 Qc6) 31. Bxf4
Bxa2 32. Qxa2 Nd5 33. Qc4 Qd8 34. Qe4 Rd7 (34... Qxh4 $4 35. Qxh7 $18) 35. Bd2
Ne7 36. Be3 Nf5 37. Rg4 Rd3 38. Rb1 Qd7 39. a4 Rc8 40. a5 Nxe3 41. fxe3 a6 42.
Rg2 $1 42... Rd5 43. f4 Rxa5 44. Rgb2 Rc7 45. Kh2 $1 45... Rd5 46. Rb6 h5 47.
Kh3 $1 47... Qg7 48. Qg2 Qh7 49. R1b2 Qd3 50. Kh2 Ka7 (50... Qxe3 $2 51. Qg8+
Ka7 52. Rxa6+ Kxa6 53. Qa8+ Qa7 54. Ra2+ $18) 51. Rxe6 Qxe3 52. Qf2 $18 {
The endgame is won for White due to more advanced passed pawns.} 52... Qxf2+
53. Rxf2 Rd4 54. Rg6 Re4 55. e6 Rc6 56. f5 $1 56... Rxh4+ 57. Kg2 Re4 58. Rg8
$1 58... Rexe6 {Black is unable to prevent f6-f7-f8Q.} 59. fxe6 Rxe6 60. Rg7
Rb6 61. Rf5 h4 62. Rh5 Rb3 63. Kf2 h3 64. Rgh7 h2 65. Ke2 Kb6 66. Kd2 1-0

[Event "EU-chT (Men) 11th"]
[Site "Pula"]
[Date "1997.05.??"]
[Round "5.3"]
[White "Sax, Gyula"]
[Black "Shulman, Yuri"]
[Result "1/2-1/2"]
[WhiteElo "2545"]
[BlackElo "2555"]
[Annotator "Atlas,V"]
[PlyCount "66"]
[EventDate "1997.05.05"]
[Source "ChessBase"]
[SourceDate "1997.05.01"]

1. e4 1... e6 2. d4 d5 3. Nc3 Bb4 4. e5 c5 5. a3 Bxc3+ 6. bxc3 Ne7 7. Qg4 Qc7
8. Qxg7 Rg8 9. Qxh7 cxd4 10. Ne2 Nbc6 11. f4 Bd7 12. Qd3 dxc3 13. Be3 O-O-O (
13... d4 $6 {took place in  Spassky,B-Kortchnoi,V/Beograd (m/2) 24/236 1977.})
14. g3 (14. Bf2 d4 15. g3 Nf5 16. Bg2 Nce7 17. Be4 Bc6 18. h3 Qb6 19. Bxc6 Qxc6
20. Rg1 Kb8 21. Nc1 Ne3 22. Ke2 Nxc2 23. Rb1 23... Nxa3 $17 {
Bronstein,D-Schmidt,W/Copenhagen Unibank 1991.}) 14... Nf5 15. Bf2 Kb8 16. Bh3
Nce7 17. g4 Nh6 18. Rg1 Rc8 19. Nd4 Ng6 20. Qe3 $1 {threatening 21.Ne6.} 20...
b6 21. a4 21... Ka8 {The crucial moment of the game. White had in his disposal
other continuations and the text might be not the strongest move in the
position. With 22.Bf1 White prepares breakthrough a4-a5, but Black finds a
possibility to counterattack in the center.} 22. Bf1 (22. f5 exf5 (22... Nxg4
23. Rxg4 exf5 24. Rxg6 (24. Rg1 f4 25. Qf3 25... Qxe5+ $40) (24. Rg5) 24...
fxg6 25. Bg2) 23. gxf5 (23. Qxh6 Qxe5+ 24. Qe3 Qxh2 25. Qg3)) (22. a5 $5 {
Apparently, White could have played this move without preliminary 22.Bf1.}
22... b5 23. g5 Nf5 24. Nxf5 (24. Bxf5 exf5 25. h4) 24... exf5 25. Qd4 Be6 26.
Bg2 $14) 22... f6 $1 $132 23. a5 (23. exf6 23... Nxf4 $17) (23. f5 Nxe5 24.
fxe6 24... Nexg4 $19) 23... fxe5 24. axb6 Qxb6 (24... exd4 $4 25. Qxd4 Qc6 26.
b7+ $1 $18) 25. fxe5 Nf7 26. Nb5 (26. Nf3 $5 {
This move could secure a better endgame for White.} 26... Qxe3+ 27. Bxe3 Ngxe5
(27... Rc7 28. Bb6 Rb7 29. Bd4 Rc7 30. h4 $16) 28. Nxe5 Nxe5 29. Rxa7+ Kb8 30.
Be2 Rc7 (30... Rh8 $2 31. Bd4 Nc6 32. Bxh8 Kxa7 (32... Nxa7 33. Be5+ Kb7 34. h4
$16) 33. Bxc3 $18) 31. Ra1 Ng6 (31... Nc4 32. Bd4 e5 33. Bxc3 d4 34. Bf3) 32.
h4 $1) 26... Qxe3+ 27. Bxe3 Nfxe5 28. Rxa7+ Kb8 29. Rg3 Rgf8 30. Nd6 30... Rc6
{Black's pieces dominate in the centre and this factor fully compensates the
weakness of his King. White has nothing better than to force a draw by
perpetual.} (30... Rc7 $5 31. Ra6 Rc6) 31. Rb7+ Ka8 32. Ra7+ Kb8 33. Rb7+ Ka8
1/2-1/2

[Event "Najdorf Memorial 8th"]
[Site "Buenos Aires"]
[Date "1997.05.19"]
[Round "1"]
[White "Sutovsky, Emil"]
[Black "Panno, Oscar"]
[Result "1-0"]
[WhiteElo "2560"]
[BlackElo "2465"]
[Annotator "Atlas,V"]
[PlyCount "63"]
[EventDate "1997.05.19"]
[Source "ChessBase"]
[SourceDate "1997.09.29"]

1. e4 1... e6 2. d4 d5 3. Nc3 Bb4 4. e5 Ne7 5. a3 Bxc3+ 6. bxc3 c5 7. Qg4 Kf8
8. Bd2 (8. a4 Qc7 9. Nf3 cxd4 10. Qxd4 Nbc6 11. Qc5 Bd7 12. Bb5 a6 13. Bd3 Rc8
14. Ba3 Qa5 15. O-O Qxc5 16. Bxc5 f6 17. Rfb1 Nd8 18. Bb6 Nec6 19. exf6 gxf6
20. Nd2 20... Kg7 { -  Ivanchuk,V-Nikolic,P/Reykjavik 1991 (54)}) 8... Qc7 9.
Rc1 $5 ({Interesting, although very risky move. White sacrifices material
hoping to mate the black king. Prudent retreat} 9. Qd1 {, analogous to that of
Kasparov in his game against Nikolic also deserved attention}) 9... Nbc6 10.
Bd3 Qa5 11. h4 c4 12. Be2 Qxa3 13. h5 h6 14. Rh3 b5 15. Rf3 15... Qb2 {
Planning march of a-pawn.} 16. Nh3 a5 17. Nf4 Kg8 18. Nd3 $5 {An interesting
sacrifice. White tries to get control over the diagonal b1-h7, planning to
attack the g7 pawn.} 18... cxd3 (18... Qa3 {seems weak in view of} 19. Nc5) 19.
Bxd3 Nf5 20. Qf4 {With the idea g4.} 20... Ra7 21. g4 Nfxd4 22. Rg3 {
The threat is g5.} 22... Re7 23. g5 Nf5 24. Bxf5 exf5 25. gxh6 Re6 26. Rxg7+
Kf8 27. Qg5 27... Nxe5 $2 {A losing mistake in a complex position.} (27...
Rexh6 $4 {also loses after} 28. Rg8+ Rxg8 29. Qxh6+ Rg7 30. Qh8+ Rg8 31. Bh6+
Ke7 32. Qf6+ Ke8 33. Qxc6+ $18) (27... f6 {
seems to be the strongest continuation:} 28. Rf7+ Kxf7 (28... Ke8 $5 29. Qg7
29... Nxe5 {deserves attention}) 29. Qg7+ Ke8 30. Qxh8+ Kd7 31. Qg7+ Re7 32.
Qxe7+ Kxe7 33. h7 Nxe5) (27... Ne7 {is also a plausible alternative:} 28. Rxf7+
(28. h7 f6 29. Qh6 Ke8 30. Rg1 { Qg7} 30... d4 $5 31. Qg7 Rxh7 32. Qxh7 32...
Rxe5+ $13) 28... Ke8 29. Qg7 Rhxh6 30. Bxh6 Qxc3+ 31. Kf1 Qh3+ 32. Kg1 Qxh5 33.
Rxe7+ Rxe7 34. Qg8+ Kd7 35. Qxd5+ 35... Ke8 {It seems that White cannot win:}
36. Qc6+ (36. Rd1 $2 {is is refuted by} 36... Qg6+ 37. Qg2 (37. Kf1 $2 37...
Rd7 $1 $19) 37... Qxg2+ 38. Kxg2 Rxe5) 36... Kf7 (36... Bd7 $4 37. Qa8+ Kf7 38.
Qf8+ Ke6 39. Qf6+ $18) 37. Qf6+ 37... Ke8 $11) ({Logical seems} 27... Qa3 $5 {
, returning the queen into play.} 28. h7 (28. Rxf7+ $2 {loses after} 28... Kxf7
29. Qg7+ Ke8 30. Qxh8+ Qf8) 28... Ne7 {
At first glance, all White's threats are parried, but} 29. h6 $1 {
discloses White's resources:} 29... Rxe5+ 30. Kf1 Qd6 31. Rg8+ Nxg8 (31... Rxg8
32. hxg8=Q+ Nxg8 33. Qg7+ Ke7 34. h7 $1 $18) 32. Qg7+ Ke7 33. Qxh8 Nf6 34. Bg5
$18) 28. Qd8+ Re8 29. Qd6+ Re7 30. Kd1 $1 {Instead of draw by repetition,
White goes for the decisive involving his bishop into attack.} 30... Ng4 (30...
Nc4 {is refuted by} 31. Qd8+ Re8 32. Qc7 Be6 33. Qc5+ Re7 34. Bg5 $18) 31. Rxg4
$1 {Wins immediately.} 31... fxg4 32. Bg5 1-0